000 00722 a2200265 4500
260 _aParis
260 _aLa Haye
630 _a33 - Economie - Economie politique
650 _a3 - SCIENCES SOCIALES
100 _aGranelle, Jean-Jacques
440 _n12
260 _bMouton
245 _aLa Valeur du sol urbain et la propriété foncière : le marché des terrains à Paris
300 _a240p.
650 _aUrbanisation : politique foncière
260 _c1975
300 _b24cm
100 _lFr
037 _aDE 5061
440 _aLa Recherche urbaine
020 _a2-7193-0431-X (Mouton)
020 _a2-7132-0041-5 (Ecole des hautes études en sciences sociales)
999 _c44151
_d44151